banner-ar

دودو و النجم القطبى / (Record no. 60257)

MARC details
000 -الفاتح
حقل البيانات ثابتة الطول 00933nam a22002657a 4500
005 - وقت وتاريخ اخر تعامل مع التسجيلة
رقم الضبط 20240530110401.0
008 - عناصر البيانات ثابتة الطول - معلومات عامة
حقل البيانات ثابتة الطول 150120s2009 ua o a 000 j ara d
017 ## - رقم الايداع القانونى
رقم الايداع القانونى 2009/1645
020 ## - الرقم الدولى المعيارى للكتب
الرقم الدولى المعيارى للكتاب 9773043568
040 ## - مصدر الفهرسة
وكالة الفهرسة الأصلية EG-CaGPL
041 0# - رمز اللغة
رمز لغة النص/ المسارات الصوتية أو العنوان الانفرادي ara
رمز لغة الترجمات و/او الاصلية المتوسطة للنص eng
082 04 - رقم تصنيف ديوى العشرى
رقم الطبعة 21
رقم التصنيف 823.02
رقم المادة ط/هـ د
100 1# - المدخل الرئيسى - إسم شخصى
الإسم الشخصى هامل ، جوديث
245 10 - بيان العنوان
العنوان دودو و النجم القطبى /
بيان المسئوليه,etc تاليف جوديث هامل ؛ رسوم ليزا ليفيك ؛ ترجمة امل راغب
260 ## - PUBLICATION, DISTRIBUTION, ETC. (IMPRINT)
تاريخ النشر أو التوزيع 2009
300 ## - الوصف المادى
التعداد 24 ص :
تفاصيل ماديه اخرى للوعاء صور ؛
أبعاد الوعاء 22 سم
490 0# - بيان السلسلة
عنوان السلسلة دودو
650 04 - المدخل الاضافى بالموضوع-مصطلح موضوعى
مصطلح موضوعي قصص الاطفال
650 04 - المدخل الاضافى بالموضوع-مصطلح موضوعى
مصطلح موضوعي القصص القصيرة
650 04 - المدخل الاضافى بالموضوع-مصطلح موضوعى
مصطلح موضوعي القصص المترجمة
700 0# - المدخل الاضافى - اسم شخصى
الإسم الشخصى ليزا ليفيك
الدور رسام
700 0# - المدخل الاضافى - اسم شخصى
الإسم الشخصى امل راغب
الدور مترجم
942 ## - عناصر المدخل الإضافي( كوها)
مصدر التصنيف او مخطط الترفيف Dewey Decimal Classification
Koha [default] item type كتاب
260 ## - PUBLICATION, DISTRIBUTION, ETC. (IMPRINT)
-- القاهرة :
-- دار الياس العصرية للطباعة والنشر ،
Holdings
حالة التراجع حالة الفقد حالة تلف ليس للاعارة المكان المؤقت الموقع الحالى تاريخ الاكتساب اجمالي اﻻعارات رقم الطلب الباركود تاريخ اخر مشاهدة تاريخ تفعيل السعر نوع وعاء كوها
        مكتبة القاهرة الكبرى مكتبة القاهرة الكبرى 01/20/2015   823.02 ط/هـ د 159264 01/20/2015 01/20/2015 كتاب

Powered By

EGPV